Statistics for Dick Cheney Quiz

Click here to take the quiz!

General Stats

  • This quiz has been taken 29 times
  • The average score is 10 of 14

Answer Stats

HintAnswer% Correct
He served as vice to this presidentGeorge W. Bush
100%
Political partyRepublican
100%
State he represented in congressWyoming
88%
He was part of two US administrations that waged war against this countryIraq
83%
Cheney accidentally shot a man during this leisure activityHunting
79%
2018 satirical movie about Cheney's lifeVice
79%
Since the vice president formally presides over the Senate, Cheney argued that he is part of this branchLegislative
75%
He came at odds with his party due to his daughter's sexual orientation, and his support for this issueSame-sex marriage
71%
Cheney worked for this politician and succeeded him as Chief of Staff in the 1970s, before their career paths crossed again in the 2001-2009 administrationDonald Rumsfeld
67%
Other daughter who has been in the House of Representatives since 2017Liz Cheney
67%
Cheney supported this theory, which argued that the president controls a whole branch of government: Unitary ____ TheoryExecutive
63%
Actor who played him in that movieChristian Bale
58%
Company he lead from 1995-2000Halliburton
54%
Cabinet position he held from 1989-1993Secretary of Defense
54%

Score Distribution

Percentile by Number Answered

Percent of People with Each Score

Your Score History

You have not taken this quiz